000 00304nam a22001337a 4500
008 181220b xxu||||| |||| 00| 0 eng d
020 _a0691022496
041 _aeng
080 _a320
100 _a20
101 _aSHP
245 _aPlacing Parties in American Politics
_cMayhew,D.R
942 _2udc
_cBK
999 _c53580
_d53580